000 00243nam a2200097Ia 4500
008 220204s9999 xx 000 0 und d
082 _bIND;3
245 0 _aNotes on financial rules
260 _aIndia
_bManager of Publications
_c1962
942 _cBK
999 _c20116
_d20116